Historias fantasticas (Registro nro. 83541)
[ vista simple ]
| 000 -CABECERA | |
|---|---|
| Longitud fija campo de control | 00802nam a22001937a 4500 |
| 008 - DATOS DE LONGITUD FIJA--INFORMACIÓN GENERAL | |
| Códigos de información de longitud fija | 260302s 1976sp || |gr|||| 001 0 spa d |
| 020 ## - NÚMERO INTERNACIONAL ESTÁNDAR DEL LIBRO | |
| Número Internacional Normalizado para Libros (ISBN) | 84-206-1601-X |
| 040 ## - FUENTE DE LA CATALOGACIÓN | |
| Centro catalogador de origen | EC-QuCCB |
| 082 ## - | |
| Número de clasificación | Ar863.64 |
| Número de documento | B616 |
| 100 ## - ENTRADA PRINCIPAL--NOMBRE DE PERSONA | |
| Nombre de persona | Bioy Casares, Adolfo, |
| Fechas asociadas con el nombre | 1914-1999 |
| 9 (RLIN) | 1121 |
| 245 ## - MENCIÓN DE TÍTULO | |
| Título | Historias fantasticas |
| Mención de responsabilidad, etc. | Adolfo Bioy Casares |
| 260 ## - PUBLICACIÓN, DISTRIBUCIÓN, ETC. (PIE DE IMPRENTA) | |
| Lugar de publicación, distribución, etc. | Madrid, España : |
| Nombre del editor, distribuidor, etc. | Alianza Editorial, |
| Fecha de publicación, distribución, etc. | 1980 |
| 300 ## - DESCRIPCIÓN FÍSICA | |
| Extensión | 306 paginas ; |
| Dimensiones | 18 cm |
| 505 ## - NOTA DE CONTENIDO CON FORMATO | |
| Nota de contenido con formato | En memoria de Paulina -- la trama celeste -- el perjurio de la nieve -- historia prodigiosa -- la sierva ajena -- moscas y arañas -- el lado de la sombra -- un leo en el bosque de Palermo -- el calamar opta por su tinta -- los afanes -- el gran serafín ... |
| 650 #4 - PUNTO DE ACCESO ADICIONAL DE MATERIA--TÉRMINO DE MATERIA | |
| Término de materia o nombre geográfico como elemento inicial | Literatura argentina |
| Término de materia o nombre geográfico como elemento inicial | Novela argentina |
| 942 ## - ELEMENTOS DE PUNTO DE ACCESO ADICIONAL (KOHA) | |
| Koha [por defecto] tipo de item | Monografía |
| Suprimido | Perdido | Fuente de clasificación o esquema | Estropeado | No se presta | Koha Colección | Localización (Biblioteca) | Localización actual | Localización en estanterías | Fecha adquisición | Préstamos totales | Clasificación completa | Fecha última consulta | Número de ejemplar | Fecha del precio de reemplazo | Nota sin despliegue público (lost item payment) | Tipo de item de Koha |
|---|---|---|---|---|---|---|---|---|---|---|---|---|---|---|---|---|
| Disponible | Dewey Decimal Classification | Sin daños | LENGUAS y LITERATURA | Biblioteca y Archivo de la CCE | Biblioteca y Archivo de la CCE | LENGUAS y LITERATURA | 02/03/2026 | Ar863.64 B616 | 02/03/2026 | Ej. 1 | 02/03/2026 | msp | Monografía |























